L’ Age dangereux. (Registro nro. 323801)

Detalles MARC
000 -ENCABEZADO
Número de control [NR] 01608nam a2200289 4500
005 - FECHA Y HORA DE LA ÚLTIMA TRANSACCIÓN
control field 20240426093942.0
008 - DE LONGITUD FIJA DE DATOS DE ELEMENTOS - INFORMACIÓN GENERAL
Elementos de longitud fija [NR] 240119n dk |||||r|||| 00| f fre d
040 ## - FUENTE DE CATALOGACION [NR]
Agencia de catalogación original [NR] CO-BoUCM
Idioma de catalogación [NR] spa
Quien Cataloga Sandra Yazo
Quien Clasifica Sandra Yazo
041 0# - CODIGO DE IDIOMA [R]
Código de idioma para texto/pista de sonido o título separado [R] Francés
082 04 - NUMERO DE CLASIFICACION DECIMAL DEWEY [R]
Número de la edición [NR] 20
Número de clasificación [R] 839
092 ## - SIGNATURA TOPOGRAFICA LOCAL
Número de clasificación local E52N145
100 1# - ASIENTO PRINCIPAL--NOMBRE PERSONAL [NR]
Nombre personal [NR] Michaelis, Karin,‏
Fechas asociadas con el nombre [NR] 1872-1950‏
ID Autoridad 179803
242 03 - TRADUCCION DEL TITULO POR LA AGENCIA CATALOGADORA [R]
Título [NR] La edad peligrosa.
Parte restante del título [NR] Novela
Mención de responsabilidad, etc. [NR] Karina Michaëlis ... introducción de Marcel Prévost
Código de idioma del título traducido [NR] spa
245 13 - MENCION DE TITULO [NR]
Título [NR] L’ Age dangereux.
Parte restante del título [NR] Roman.
Mención de responsabilidad, etc. [NR] Karin Michaëlis ... introduction de Marcel Prévost…
260 ## - PUBLICACION, DISTRIBUCION, ETC. (PIE DE IMPRENTA) [R]
Lugar de publicación, distribución, etc. [R] París (Francia)
Nombre del editor, distribuidor, etc. [R] Librairie Alphonse Lemerre [Librería Alfonso Lemerre]
Fecha de publicación, distribución, etc. [R] [fecha desconocida]
300 ## - DESCRIPCION FISICA [R]
Extensión [R] 261 páginas
Dimensiones [R] 18 x 11 cm.
500 ## - NOTA GENERAL [R]
Nota general [NR] Detalles físicos: Sin encuadernación original, actualmente encuadernación rígida (holandesa) en cartón forrado en papel jaspeado. Lomo de tela, con letras y líneas en dorado. Guardas. Hoja de cortesía. Anteportada. Portada impresa en una sola tinta, con marca tipográfica del editor. Texto impreso en una sola columna, con diferentes tipos y tamaños de letra. Mayúsculas capitales. Índice. Papel manchado por oxidación en bordes. Residuos de cinta pegante en lomo
505 0# - NOTA DE CONTENIDO CON FORMATO PREESTABLECIDO [R]
Nota de contenido con formato preestablecido [NR] Introducción ; Parte 1 - 3: Otoño ; Invierno ; Primavera
506 ## - NOTA DE RESTRICCIONES DE ACCESO [R]
Condiciones de acceso [NR] Consulta en sala
546 ## - NOTA DE IDIOMA [R]
Nota de idioma [NR] Texto en francés
650 #7 - ASIENTO SECUNDARIO DE MATERIA - TERMINO TEMATICO [R]
9 (RLIN) 20486
Término temático o nombre geográfico como elemento de entrada [NR] Novela danesa
Subdivisión general [R] Siglos XIX - XX
650 #7 - ASIENTO SECUNDARIO DE MATERIA - TERMINO TEMATICO [R]
9 (RLIN) 18638
Término temático o nombre geográfico como elemento de entrada [NR] Literatura danesa
653 ## - TERMINO DE INDIZACION - NO CONTROLADO [R]
Término de indización no controlado [R] Escritoras danesas
690 ## - ASUNTO AGREGADO LOCAL DE ENTRADA - TÉRMINO TEMÁTICO (OCLC, RLIN)
Acceso temático local Literatura europea
9 (RLIN) 26524
700 1# - ASIENTO SECUNDARIO - NOMBRE PERSONAL [R]
Nombre personal [NR] Prévost, Marcel,
Títulos u otras palabras asociadas con el nombre [R] 1862-1941
Término de relación [R] prólogo
9 (RLIN) 126291
942 ## - ELEMENTOS DE ENTRADA AGREGADOS (KOHA)
Sistema de clasificación LOCAL
Tipo de ítem principal el descrito en 300a Libro
Edición 1
Clasificación E52N145
Existencias
Suprimido Perdido Sistema de clasificación Dañado No prestable Tipo de ítem específico Ubicación habitual Ubicación actual Localización Fecha de creación Forma de adquisición Costo Total préstamos Signatura topográfica Código de barras Última vez visto Ejemplar Price effective from Tipo de ítem
    LOCAL     Libro archivo Archivo Histórico Archivo Histórico Archivo histórico 26/01/2024 Donación 0.00   E52N145 L006980 26/01/2024 Ej.1 26/01/2024 Libro